|
|
|
|
| LEADER |
01087nam a2200265 a 4500 |
| 001 |
13457349 |
| 008 |
090614s2004 njua f 001 0 eng d |
| 010 |
|
|
|a 2004040907
|
| 020 |
|
|
|a 0471648507 (paper)
|
| 040 |
|
|
|a DLC
|c DLC
|d DLC
|
| 082 |
0 |
0 |
|a 650.14
|2 22
|
| 245 |
0 |
4 |
|a The career navigation handbook /
|c Christopher Hunt, Scott Scanlon, editors.
|
| 260 |
|
|
|a Hoboken, N.J. :
|b John Wiley & Sons,
|c 2004.
|
| 300 |
|
|
|a xii, 210 p. :
|b ill. ;
|c 23 cm.
|
| 504 |
|
|
|a Includes index.
|
| 541 |
1 |
|
|e 00017505
|
| 650 |
|
0 |
|a Career development
|v Handbooks, manuals, etc.
|
| 650 |
|
0 |
|a Executives
|x Recruiting
|v Handbooks, manuals, etc.
|
| 650 |
|
0 |
|a Job hunting
|v Handbooks, manuals, etc.
|
| 650 |
|
0 |
|a Vocational guidance
|v Handbooks, manuals, etc.
|
| 700 |
1 |
|
|a Hunt, Christopher W.
|
| 700 |
1 |
|
|a Scanlon, Scott A.
|
| 852 |
4 |
|
|a Ayesha Abed Library
|j General Shelf.
|
| 999 |
|
|
|c 1556
|d 1556
|
| 952 |
|
|
|0 0
|1 0
|2 ddc
|4 0
|6 650_140000000000000_ITE
|7 0
|9 1431
|a BRACUL
|b BRACUL
|c GEN
|d 2009-06-28
|g 0.00
|l 10
|m 68
|o 650.14 ITE
|p 3010017505
|r 2025-07-11
|s 2024-10-01
|t 1
|w 2009-06-28
|y BK
|x No price found in the accession register.
|